000 00739cam a2200157 4500500
005 20260308003955.0
041 _afre
042 _adc
100 1 0 _aAugustins, Georges
_eauthor
245 0 0 _aPara Martine: de las ATP a Nanterre, pasando por otros lugares
260 _c2024.
500 _a69
520 _aEn La Destruction de Berlin (La Découverte, 2025), Stéphane Füzesséry presenta una biografía detallada de Berlín desde 1860 hasta su conquista por los nazis y su posterior destrucción por los bombardeos aliados en 1945.
786 0 _nEthnologie française | 54 | 3 | 2024-11-15 | p. 129-132 | 0046-2616
856 4 1 _uhttps://shs.cairn.info/revista-ethnologie-francaise-2024-3-page-129?lang=es&redirect-ssocas=7080
999 _c1678027
_d1678027